Ethics in Social Work Research : A Primer to accompany (Record no. 4180)

MARC details
005 - DATE AND TIME OF LATEST TRANSACTION
control field 20250617064056.0
020 ## - INTERNATIONAL STANDARD BOOK NUMBER
International Standard Book Number 978-0-07-327380-8
082 ## - DEWEY DECIMAL CLASSIFICATION NUMBER
Classification number LECT 361.320 STR
100 ## - MAIN ENTRY--PERSONAL NAME
Author name KRYSIK, J. L.
245 ## - TITLE STATEMENT
Title Ethics in Social Work Research : A Primer to accompany
260 ## - PUBLICATION, DISTRIBUTION, ETC.
Place of publication, distribution, etc. New York,
Name of publisher, distributor, etc. McGraw-Hill,
Date of publication, distribution, etc. 2007.
300 ## - PHYSICAL DESCRIPTION
Extent 58p.
Other physical details Bibliography
Dimensions 22cm.
700 ## - ADDED ENTRY--PERSONAL NAME
Other authors/Editors FINN, J.
942 ## - ADDED ENTRY ELEMENTS (KOHA)
Source of classification or shelving scheme Dewey Decimal Classification
Koha item type Books
Holdings
Date last seen Total checkouts Full call number Barcode Cost, replacement price Price effective from Koha item type Lost status Source of classification or shelving scheme Damaged status Not for loan Withdrawn status Home library Current library Shelving location Date acquired Cost, normal purchase price
06/17/2025   LECT 361.320 STR 00000013104 60000.00 06/17/2025 Books   Dewey Decimal Classification       College of Business Education Main Library College of Business Education Main Library General Collection 12/08/2010 20000.00
06/17/2025   LECT 361.320 STR 00000013105 60000.00 06/17/2025 Books   Dewey Decimal Classification       College of Business Education Main Library College of Business Education Main Library General Collection 12/08/2010 20000.00
06/17/2025   LECT 361.320 STR 00000013106 60000.00 06/17/2025 Books   Dewey Decimal Classification       College of Business Education Main Library College of Business Education Main Library General Collection 12/08/2010 20000.00